Pediatric Nursing (Record no. 158515)

MARC details
000 -LEADER
fixed length control field 00372nam a2200145Ia 4500
008 - FIXED-LENGTH DATA ELEMENTS--GENERAL INFORMATION
fixed length control field 230411s9999 xx 000 0 und d
020 ## - INTERNATIONAL STANDARD BOOK NUMBER
International Standard Book Number 978-93-5270-118-6
041 ## - LANGUAGE CODE
Language code of text/sound track or separate title eng
082 ## - DEWEY DECIMAL CLASSIFICATION NUMBER
Classification number P/618.9/DAT/B09352
100 ## - MAIN ENTRY--PERSONAL NAME
Personal name Datta Parul
9 (RLIN) 177972
245 ## - TITLE STATEMENT
Title Pediatric Nursing
260 ## - PUBLICATION, DISTRIBUTION, ETC. (IMPRINT)
Name of publisher, distributor, etc. Jaypee Brothers
Place of publication, distribution, etc. New Delhi
Date of publication, distribution, etc. 2007
300 ## - PHYSICAL DESCRIPTION
Extent 498p
Holdings
Withdrawn status Lost status Damaged status Not for loan Collection code Home library Current library Date acquired Vendor Cost, normal purchase price Bill number Shelving control number Total Checkouts Total Renewals Full call number Barcode Date last seen Date last checked out Cost, replacement price Bill Date Koha item type Original Barcode
          Smt. Bakul Tambat Institute of Nursing Education Smt. Bakul Tambat Institute of Nursing Education 10/09/2020 S.K.Kothari,Pune. 650.00 1025 2 38 28 P 618.9 DAT B09352 BTIN-BK-9352 01/04/2026 27/01/2026 419.25 22/02/2007 Books B09352
          Smt. Bakul Tambat Institute of Nursing Education Smt. Bakul Tambat Institute of Nursing Education 10/09/2020 S.K.Kothari,Pune. 650.00 1025 2 37 14 P 618.9 DAT B09353 BTIN-BK-9353 03/12/2025 15/11/2025 419.25 22/02/2007 Books B09353
          Smt. Bakul Tambat Institute of Nursing Education Smt. Bakul Tambat Institute of Nursing Education 30/03/2022 Varad Enterprises 750.00 1025   35 25 P 618.9 DAT B09781 BTIN-BK-9781 08/05/2026 08/01/2026 502.50 22/02/2007 Books B09781
          Smt. Bakul Tambat Institute of Nursing Education Smt. Bakul Tambat Institute of Nursing Education 30/03/2022 Varad Enterprises 750.00 1025   38 22 P 618.9 DAT B09782 BTIN-BK-9782 31/01/2026 27/01/2026 502.50 22/02/2007 Books B09782